[Event "Robecchetto Primavera op 12th"]
[Site "Robecchetto"]
[Date "2015.05.14"]
[Round "6"]
[White "Garcia Rubi, Juan"]
[Black "Puricelli, Roberto"]
[Result "1/2-1/2"]
[WhiteElo "1422"]
[BlackElo "1521"]
[PlyCount "105"]
[EventDate "2015.04.02"]
[EventType "swiss"]
[EventRounds "7"]
[EventCountry "ITA"]
[SourceTitle "EXT 2017"]
[Source "ChessBase"]
[SourceDate "2016.10.25"]
[SourceVersion "1"]
[SourceVersionDate "2016.10.25"]
[SourceQuality "1"]

1. e4 c5 2. Nf3 Nc6 3. d4 cxd4 4. Nxd4 e6 5. Nc3 Nf6 6. a3 Be7 7. Be3 0-0 8. Be2 a6 9. Qd2 e5 10. Nf5 d6 11. Nxe7+ Qxe7 12. 0-0-0 Rd8 13. Bb6 Rd7 14. Nd5 Nxd5 15. Qxd5 Qf6 16. Be3 Ne7 17. Qb3 b5 18. h4 Bb7 19. Bg4 Rc7 20. f3 h6 21. Rd2 Nc6 22. c3 Na5 23. Qd1 Nc4 24. Re2 Nxe3 25. Rxe3 Rd8 26. Kb1 d5 27. Rd3 d4 28. g3 Bc8 29. Bh3 Bxh3 30. Rxh3 Kh7 31. Rh2 Qb6 32. Rhd2 Rcd7 33. cxd4 Rxd4 34. Rxd4 Rxd4 35. Rxd4 exd4 36. Qd3 g6 37. b4 a5 38. bxa5 Qxa5 39. Kc2 Qa4+ 40. Kb2 Kg8 41. Qc2 Qa5 42. Qd3 b4 43. axb4 Qxb4+ 44. Kc2 Kf8 45. f4 Ke7 46. e5 Qc5+ 47. Kb3 Qd5+ 48. Kb4 g5 49. hxg5 hxg5 50. fxg5 Qxe5 51. Kc4 Qxg5 52. Qe4+ Kf8 53. g4 1/2-1/2

[Event "Robecchetto Spring 11th B"]
[Site "Robecchetto"]
[Date "2014.05.08"]
[Round "6"]
[White "Nava, Mario"]
[Black "Puricelli, Roberto"]
[Result "0-1"]
[WhiteElo "1234"]
[BlackElo "1489"]
[PlyCount "104"]
[EventDate "2014.04.10"]
[EventType "swiss"]
[EventRounds "9"]
[EventCountry "ITA"]
[SourceTitle "EXT 2024"]
[Source "ChessBase"]
[SourceDate "2023.10.10"]
[SourceVersion "1"]
[SourceVersionDate "2023.10.10"]
[SourceQuality "1"]

1. Nf3 e6 2. d4 d5 3. e3 c5 4. Bb5+ Bd7 5. Bxd7+ Nxd7 6. c3 Ngf6 7. 0-0 b5 8. Nbd2 Be7 9. e4 dxe4 10. Ng5 cxd4 11. cxd4 0-0 12. Ngxe4 Nxe4 13. Nxe4 Nf6 14. Ng3 Nd5 15. Qe2 a6 16. Bd2 Bf6 17. Bc3 Qb6 18. Qg4 g6 19. Nh5 Bg7 20. Nxg7 Kxg7 21. Bd2 h5 22. Qe4 Qd6 23. Rae1 Rac8 24. Rc1 Rfe8 25. Qe5+ Qxe5 26. dxe5 Nb6 27. b3 Nd7 28. Rfe1 Rxc1 29. Bxc1 Rc8 30. g3 Rc2 31. a4 bxa4 32. bxa4 Nxe5 33. Rxe5 Rxc1+ 34. Kg2 Rc6 35. h4 f6 36. Re4 Kf7 37. Rb4 f5 38. Kf3 e5 39. a5 Rc3+ 40. Kg2 Ra3 41. Rb7+ Kf8 42. Rb8+ Kg7 43. Rb7+ Kh6 44. Rb8 Rxa5 45. Rb6 e4 46. Re6 Ra2 47. Kf1 a5 48. Rb6 a4 49. Ke1 a3 50. Ra6 Ra1+ 51. Ke2 a2 52. Kd2 Rf1 0-1

[Event "Robecchetto Spring 11th B"]
[Site "Robecchetto"]
[Date "2014.04.28"]
[Round "4"]
[White "Frignani, Alessandro"]
[Black "Puricelli, Roberto"]
[Result "0-1"]
[WhiteElo "1409"]
[BlackElo "1489"]
[PlyCount "122"]
[EventDate "2014.04.10"]
[EventType "swiss"]
[EventRounds "9"]
[EventCountry "ITA"]
[SourceTitle "EXT 2024"]
[Source "ChessBase"]
[SourceDate "2023.10.10"]
[SourceVersion "1"]
[SourceVersionDate "2023.10.10"]
[SourceQuality "1"]

1. e4 e6 2. d4 d5 3. e5 c5 4. Nf3 a6 5. c3 Nc6 6. Nbd2 cxd4 7. cxd4 Qb6 8. Nb3 Bb4+ 9. Bd2 Nge7 10. Bxb4 Qxb4+ 11. Qd2 Qxd2+ 12. Kxd2 0-0 13. Bd3 Ng6 14. g3 b6 15. a3 Bd7 16. Rac1 f6 17. Bxg6 hxg6 18. Ke3 fxe5 19. Nxe5 Nxe5 20. dxe5 Rac8 21. f4 Kf7 22. Rc3 Rxc3+ 23. bxc3 Rc8 24. Rc1 Rc4 25. Nd2 Ra4 26. Ra1 a5 27. h4 b5 28. Kd3 b4 29. Nb1 b3 30. Ke3 Re4+ 31. Kf2 Bb5 32. a4 Rxa4 33. Rxa4 Bxa4 34. Ke3 Bb5 35. Kd2 a4 36. Kc1 Ke7 37. Kb2 Kd7 38. Ka3 Kc7 39. Kb4 Bd7 40. Kc5 Kb7 41. Kd6 Bc8 42. Ke7 Kb6 43. Kf8 Ba6 44. Kxg7 Kc5 45. Kf6 Bd3 46. Na3 b2 47. Kxe6 b1Q 48. Nxb1 Bxb1 49. g4 a3 50. Kd7 a2 51. e6 a1Q 52. e7 Qa7+ 53. Ke6 Qb8 54. h5 gxh5 55. gxh5 Qe8 56. h6 Kc4 57. f5 Bxf5+ 58. Kxf5 Qxe7 59. Kg6 Kxc3 60. h7 Qxh7+ 61. Kxh7 d4 0-1

[Event "Robecchetto Spring 11th B"]
[Site "Robecchetto"]
[Date "2014.04.10"]
[Round "1"]
[White "Vanzini, Mario"]
[Black "Puricelli, Roberto"]
[Result "0-1"]
[WhiteElo "1422"]
[BlackElo "1489"]
[PlyCount "134"]
[EventDate "2014.04.10"]
[EventType "swiss"]
[EventRounds "9"]
[EventCountry "ITA"]
[SourceTitle "EXT 2024"]
[Source "ChessBase"]
[SourceDate "2023.10.10"]
[SourceVersion "1"]
[SourceVersionDate "2023.10.10"]
[SourceQuality "1"]

1. d4 d5 2. c4 dxc4 3. e4 e6 4. Bxc4 Nc6 5. Nf3 Bb4+ 6. Bd2 Bxd2+ 7. Qxd2 Nf6 8. Nc3 0-0 9. 0-0-0 Re8 10. Qc2 Qe7 11. a3 a6 12. Ng5 h6 13. Nf3 b5 14. d5 Na5 15. Ba2 e5 16. b4 Nc4 17. Bxc4 bxc4 18. Ne2 a5 19. Qxc4 axb4 20. Qxb4 Qxb4 21. axb4 Nxe4 22. Rhf1 Rb8 23. Nd2 Rxb4 24. f3 Nxd2 25. Rxd2 Bf5 26. Nc3 Rc4 27. Rc2 Bxc2 28. Kxc2 Rd8 29. Rd1 c6 30. Kb3 Rxc3+ 31. Kxc3 cxd5 32. Re1 Rc8+ 33. Kd3 f6 34. g3 g5 35. g4 Kf7 36. h3 Ke6 37. Ra1 Rc6 38. Ra8 d4 39. Rh8 Rc3+ 40. Ke2 Rc2+ 41. Kd3 Rf2 42. Ke4 d3 43. Ke3 d2 44. Rd8 Rh2 45. Rxd2 Rxh3 46. Ra2 h5 47. Ra6+ Kf7 48. Ra7+ Kg6 49. gxh5+ Rxh5 50. Ra8 Kf5 51. Ra4 Rh4 52. Ra1 g4 53. Rf1 Rh3 54. Ke2 Rxf3 55. Rh1 Kf4 56. Rh4 f5 57. Rh1 e4 58. Ra1 g3 59. Rh1 Rf2+ 60. Ke1 Kf3 61. Rh3 f4 62. Rh1 e3 63. Rg1 Ra2 64. Rf1+ Ke4 65. Kd1 e2+ 66. Ke1 exf1Q+ 67. Kxf1 f3 0-1

[Event "Robecchetto Spring op 10th"]
[Site "Robecchetto"]
[Date "2013.04.11"]
[Round "2"]
[White "Puricelli, Roberto"]
[Black "Nava, Mario"]
[Result "1-0"]
[WhiteElo "1551"]
[BlackElo "1265"]
[PlyCount "95"]
[EventDate "2013.04.04"]
[EventType "swiss"]
[EventRounds "7"]
[EventCountry "ITA"]
[SourceTitle "EXT 2024"]
[Source "ChessBase"]
[SourceDate "2023.10.10"]
[SourceVersion "1"]
[SourceVersionDate "2023.10.10"]
[SourceQuality "1"]

1. e4 c5 2. Nf3 e6 3. d4 cxd4 4. Nxd4 Nf6 5. Bd3 Nc6 6. Nxc6 bxc6 7. Bg5 Qa5+ 8. Bd2 Qb6 9. Qc1 Bc5 10. 0-0 Ng4 11. Be1 Bd6 12. g3 Qd8 13. Nc3 h5 14. h4 Be5 15. Rb1 a6 16. Bd2 Bd4 17. Nd1 Bf6 18. Bg5 Ne5 19. Kg2 Bb7 20. Qf4 Ng6 21. Qd2 Qc7 22. Bxf6 gxf6 23. f4 0-0-0 24. Qe2 Rdg8 25. Kh3 Kb8 26. Bxa6 Nxf4+ 27. Rxf4 Qb6 28. Bxb7 Rxg3+ 29. Kxg3 Qg1+ 30. Kf3 Rg8 31. Qf2 Qh1+ 32. Ke3 Kxb7 33. Nc3 Qh3+ 34. Rf3 Qg4 35. Kd3 f5 36. a4 d5 37. exf5 Qc4+ 38. Kd2 Rg4 39. fxe6 Rd4+ 40. Rd3 Rf4 41. Qe2 fxe6 42. Rf1 Rxh4 43. Qxe6 Rh2+ 44. Kc1 Ka6 45. Qc8+ Ka5 46. Qc7+ Kb4 47. Qb6+ Qb5 48. Rd4# 1-0

[Event "Robecchetto op 21th Spring"]
[Site "Robecchetto"]
[Date "2010.04.29"]
[Round "5"]
[White "Pogliano, Stefano"]
[Black "Puricelli, Roberto"]
[Result "1-0"]
[WhiteElo "1988"]
[BlackElo "1497"]
[PlyCount "123"]
[EventDate "2010.04.01"]
[EventType "swiss"]
[EventRounds "6"]
[EventCountry "ITA"]
[SourceTitle "EXT 2024"]
[Source "ChessBase"]
[SourceDate "2023.10.10"]
[SourceVersion "1"]
[SourceVersionDate "2023.10.10"]
[SourceQuality "1"]

1. e4 c5 2. Nf3 e6 3. d4 cxd4 4. Nxd4 Nf6 5. Bd3 Nc6 6. Ne2 d5 7. exd5 Nxd5 8. a3 Be7 9. 0-0 0-0 10. c4 Nf6 11. Qc2 Ne5 12. Rd1 Nxd3 13. Rxd3 Qc7 14. Bg5 e5 15. Ng3 Be6 16. Nd2 b5 17. Rc1 Rac8 18. Rc3 b4 19. axb4 Bxb4 20. Re3 Bxd2 21. Qxd2 Ng4 22. Ra3 f6 23. Be3 Nxe3 24. Qxe3 a5 25. Ne4 Rfd8 26. b3 Rd4 27. f3 Rcd8 28. Nf2 Qc5 29. Raa1 Rd1+ 30. Rxd1 Qxe3 31. Rxd8+ Kf7 32. Rd3 Qb6 33. Rc3 Qc5 34. Kf1 f5 35. Ke2 e4 36. fxe4 fxe4 37. Re3 Bxc4+ 38. bxc4 Qxc4+ 39. Ke1 Qd4 40. Raa3 Qb4+ 41. Rac3 Qb1+ 42. Kd2 Qb2+ 43. Rc2 Qb4+ 44. Kc1 Qb5 45. Rxe4 Qg5+ 46. Kb2 Qb5+ 47. Ka3 Qb8 48. g3 Qd6+ 49. Ka4 Qd7+ 50. Kxa5 Qa7+ 51. Kb4 Qb6+ 52. Kc3 Qc5+ 53. Kd3 Qa3+ 54. Rc3 Qa6+ 55. Ke3 Qh6+ 56. Rf4+ Ke7 57. Ng4 Qb6+ 58. Kf3 Qa6 59. Ne3 h6 60. Nf5+ Kf6 61. Nd4+ Kg6 62. Rc6+ 1-0

[Event "Robecchetto op 21th Spring"]
[Site "Robecchetto"]
[Date "2010.04.08"]
[Round "2"]
[White "Volpe, Antonio"]
[Black "Puricelli, Roberto"]
[Result "1-0"]
[WhiteElo "1672"]
[BlackElo "1497"]
[PlyCount "111"]
[EventDate "2010.04.01"]
[EventType "swiss"]
[EventRounds "6"]
[EventCountry "ITA"]
[SourceTitle "EXT 2024"]
[Source "ChessBase"]
[SourceDate "2023.10.10"]
[SourceVersion "1"]
[SourceVersionDate "2023.10.10"]
[SourceQuality "1"]

1. e4 c5 2. f4 e6 3. Nf3 a6 4. Nc3 Nc6 5. b3 d6 6. Bb2 Nf6 7. Be2 Nd4 8. e5 Nxf3+ 9. Bxf3 dxe5 10. fxe5 Nd7 11. Qe2 Qc7 12. Nd1 Be7 13. Nf2 0-0 14. 0-0 Qb6 15. Rab1 Nb8 16. Kh1 Nc6 17. c3 Qc7 18. Rfe1 Bh4 19. g3 Bg5 20. h4 Be7 21. d4 cxd4 22. cxd4 Nb4 23. Rbc1 Qd7 24. a3 Nd5 25. Red1 b5 26. Ne4 Bb7 27. Nc5 Bxc5 28. dxc5 Bc6 29. b4 Qb7 30. Kh2 Rad8 31. Be4 Ne7 32. Bxc6 Qxc6 33. Rd6 Qc8 34. g4 Nd5 35. Kg3 Qa8 36. Qf3 a5 37. Qb3 axb4 38. axb4 Qa4 39. Qxa4 bxa4 40. b5 Rb8 41. b6 Rfc8 42. Ba3 Ne7 43. h5 Nc6 44. Kf4 Na5 45. Rd7 g6 46. Kg5 Nc6 47. Kf6 Rf8 48. Rd6 Rfc8 49. Rf1 Rb7 50. hxg6 hxg6 51. Rfd1 Kh7 52. Rd7 Rxd7 53. Rxd7 Rf8 54. Rd6 Rc8 55. b7 Rc7 56. Rxc6 1-0

[Event "Pedavena op-B 2nd"]
[Site "Pedavena"]
[Date "2006.08.02"]
[Round "3"]
[White "Tavecchia, Mario"]
[Black "Puricelli, Roberto"]
[Result "1-0"]
[WhiteElo "1724"]
[BlackElo "1389"]
[PlyCount "37"]
[EventDate "2006.08.01"]
[EventType "swiss"]
[EventRounds "7"]
[EventCountry "ITA"]
[SourceTitle "EXT 2023"]
[Source "ChessBase"]
[SourceDate "2022.10.05"]
[SourceVersion "1"]
[SourceVersionDate "2022.10.05"]
[SourceQuality "1"]

1. d4 d5 2. Nc3 e6 3. e4 Bb4 4. Nge2 dxe4 5. a3 Bxc3+ 6. Nxc3 Nf6 7. Bg5 Nc6 8. Bb5 0-0 9. Bxc6 bxc6 10. Nxe4 Ba6 11. Nxf6+ gxf6 12. Bh6 f5 13. Bxf8 Qxf8 14. Qf3 Qd6 15. Qg3+ Qxg3 16. hxg3 Rd8 17. 0-0-0 Rd5 18. Rhe1 f6 19. Rxe6 1-0